Biblioteca

¿Qué hace la gallina? / Klaas Verplance (Registro nro. 48470)

Detalles MARC
000 -LÍDER
Campo fijo de descripción fija 003280000a22001450004500
020 ## - NÚMERO INTERNACIONAL NORMALIZADO PARA LIBROS
Número Internacional Normalizado del libro 84-7864-389-3
082 04 - NÚMERO DE CLASIFICACIÓN DECIMAL DEWEY
Número de clasificación B V599q
001 - NÚMERO DE CONTROL
Campo de control 1300
100 1# - ASIENTO PRINCIPAL--NOMBRE PERSONAL
Nombre personal Verplance, Klaas
245 10 - TÍTULO
Título del Material ¿Qué hace la gallina? / Klaas Verplance
260 ## - PUBLICACIÓN, DISTRIBUCIÓN, ETC. (PIE DE IMPRENTA)
Lugar de publicación, distribución, etc. Combel Editorial
300 ## - DESCRIPCIÓN FÍSICA
Extensión 16 Pag.
942 ## - TIPO DE MATERIAL (KOHA)
Tipo de Item KOHA Z- Libro General BINCO
Existencias
Estado de Material Estado de Perdido Volumen-Parte/Tomo Estado de Dañado No para Préstamo Tomo Biblioteca de Origen Biblioteca Permanente Fecha de Adquisición Total de Préstamos Total de Renovaciones Signatura Topográfica Código de Barras Última vez visto Última vez Préstado Ejemplar/Existencia Fecha de Remplazo Tipo de Material
            Biblioteca Infantil Comunitaria BINCO Biblioteca Infantil Comunitaria BINCO 14/07/2008 1 2 B V599q B31654 06/05/2024 08/04/2024 1 26/01/2016 Z- Libro General BINCO

Biblioteca FUSBC | Teléfono: (57+4) 349 88 10 Ext. 141| WhatsApp (+57) 3005338115 
E-mail: biblioteca@unisbc.edu.co | Calle 76 87-14 Robledo Palenque, Medellín, Colombia

Con tecnología Koha